2025 NBA All Star Team - Statistics

General Stats
  • This quiz has been taken 34 times
  • The average score is 22 of 34
Answer Stats
Team Position Answer % Correct
OG's SF Lebron James
100%
Global Stars C Nikola Jokic
100%
Global Stars PG Shai Gilgeous-Alexander
100%
OG's PG Stephen Curry
96%
Young Stars SG/SF Anthony Edwards
88%
Global Stars PF* Giannis Antetokounmpo
88%
OG's SF/PF Kevin Durant
88%
Young Stars PG Jalen Brunson
83%
OG's PF/SF Jayson Tatum
83%
Global Stars SG Donovan Mitchell
79%
OG's PG/SG James Harden
79%
OG's SG/SF Jaylen Brown
79%
OG's PG/SG Kyrie Irving
79%
Global Stars C Victor Wembanyama
79%
Global Stars C Karl Anthony-Towns
75%
Global Stars PG Trae Young
75%
OG's PF/C* Anthony Davis
71%
OG's PG Damian Lillard
71%
Young Stars SF/PF Jalen Williams
71%
Rising Stars C Trayce Jackson-Davis
71%
Young Stars PG Cade Cunningham
67%
Young Stars PG Darius Garland
67%
Young Stars PF Evan Mobley
67%
Global Stars PF Pascal Siakam
67%
Global Stars C Alperen Sengun
54%
Young Stars PF Jaren Jackson Jr
46%
Rising Stars SF/SG Amen Thompson
42%
Young Stars SG/PG Tyler Herro
42%
Rising Stars PG/SG Keyonte George
29%
Rising Stars PG/SG Stephon Castle
25%
Rising Stars SF Jaylen Wells
13%
Rising Stars PF/SF Ryan Dunn
8%
Rising Stars C Zach Edey
8%
Rising Stars SF Dalton Knecht
4%
No matching quizzes found
Score Distribution
Percent of People with Each Score
Percentile by Number Answered
Your Score History
You have not taken this quiz